banner-ar

PARODOX FOR WINDOWS USER S INSTANT REFERNCE / (Record no. 16545)

MARC details
000 -الفاتح
حقل البيانات ثابتة الطول 00463nam a2200181Ia 4500
008 - عناصر البيانات ثابتة الطول - معلومات عامة
حقل البيانات ثابتة الطول 140319s9999 xx 000 0 eng d
040 ## - مصدر الفهرسة
وكالة الفهرسة الأصلية GCL /
وكالة النسخ GCL
082 04 - رقم تصنيف ديوى العشرى
رقم التصنيف 005.43
رقم المادة A P
100 1# - المدخل الرئيسى - إسم شخصى
الإسم الشخصى ANDERSON, LOY
245 10 - بيان العنوان
العنوان PARODOX FOR WINDOWS USER S INSTANT REFERNCE /
بيان المسئوليه,etc ANDERSON, LOY
700 1# - المدخل الاضافى - اسم شخصى
الإسم الشخصى JENSEN, CARY
260 ## - PUBLICATION, DISTRIBUTION, ETC. (IMPRINT)
تاريخ النشر أو التوزيع 1993
300 ## - الوصف المادى
التعداد 288 PP
650 04 - المدخل الاضافى بالموضوع-مصطلح موضوعى
مصطلح موضوعي COMPUTER PROGRM
650 04 - المدخل الاضافى بالموضوع-مصطلح موضوعى
مصطلح موضوعي PARADOX
942 ## - عناصر المدخل الإضافي( كوها)
مصدر التصنيف او مخطط الترفيف Dewey Decimal Classification
Koha [default] item type كتاب
260 ## - PUBLICATION, DISTRIBUTION, ETC. (IMPRINT)
-- [S.N] :
-- SYBEX ،
Holdings
حالة التراجع حالة الفقد حالة تلف ليس للاعارة المكان المؤقت الموقع الحالى تاريخ الاكتساب اجمالي اﻻعارات رقم الطلب الباركود تاريخ اخر مشاهدة تاريخ تفعيل السعر نوع وعاء كوها
        مكتبة القاهرة الكبرى مكتبة القاهرة الكبرى 03/26/2014   005.43\A P 30020 03/26/2014 03/26/2014 كتاب

Powered By

EGPV